| 000 | 00370nam a2200145Ia 4500 | ||
|---|---|---|---|
| 005 | 20250603145452.0 | ||
| 008 | 250603s9999 xx 000 0 und d | ||
| 020 | _a9789814968409 | ||
| 050 | _aQR 201 .P67 .F35/ | ||
| 100 | _aFalkinham, Joseph .O | ||
| 245 | 0 | _aOpportunistic premise Plumbing Pathogens | |
| 260 | _c2023 | ||
| 300 | _axiii, 221p.: ill. | ||
| 942 | _cBK | ||
| 999 |
_c41947 _d41947 |
||